000 00724nam a22002177a 4500
999 _c17351
_d17351
003 AR-CdUCM
008 190508b ||||| |||| 00| 0 spa d
040 _aMUNICIPALIDAD PROVINCIAL DEL CUSCO
_cBIBLIOTECA MUNICIPAL DEL CUSCO
082 _a759.04063 /
_bD97
100 _aDuplessis, Yvonne
_937322
245 _aEl surrealismo /
260 _aBarcelona :
_bOikos-tau,
_c1972.
300 _a123 páginas ;
_c18 cm.
440 _aQue sais-je en lengua castellana
_n76
_937323
505 _aContenido : Técnicas surrealistas -- Arte y surrealismo -- La síntesis surrealista ...
650 _aSurrealismo
_911302
650 _aLiteratura
_983
650 _aSiglo XX
_98
942 _2ddc
_cLIBROS
945 _arah
_d08/05/2019